Conceptos básicos del derecho /
Contiene: 1) Normas regulativas: principios y reglas; 2) Normas constitutivas: reglas que confieren poderes y reglas puramente constitutivas; 3) Sistema jurídico: lagunas y antinomias; 4) Hechos y acciones en el derecho; 5) Ilícito, responsabilidad y sanción; 6) El sujeto de derecho y la relación ju...
Guardat en:
| Autor principal: | |
|---|---|
| Format: | Llibre |
| Idioma: | espanyol |
| Publicat: |
Madrid, España :
Marcial Pons,
2015, c2015
|
| Col·lecció: | (Filosofía y Derecho Marcial Pons)
|
| Matèries: | |
| Etiquetes: |
Sense etiquetes, Sigues el primer a etiquetar aquest registre!
|
MARC
| LEADER | 00000nam^a2200000^a^4500 | ||
|---|---|---|---|
| 001 | 000365379 | ||
| 005 | 20250521000000.0 | ||
| 009 | 20260310115642.132 | ||
| 020 | |a 978-84-16212-86-6 | ||
| 037 | |a Acervo ITESO - Biblioteca | ||
| 041 | |a ESP | ||
| 082 | |a 340. 1 |b FYD V. 20 | ||
| 100 | |a González Lagier, Daniel |e (coordinación) | ||
| 245 | 1 | 0 | |a Conceptos básicos del derecho / |c Coord. de D. González Lagier. |
| 264 | 4 | |a Madrid, España : |b Marcial Pons, |c 2015, c2015 | |
| 300 | |a 217 p. | ||
| 336 | |a texto |b txt |2 rdacontenido | ||
| 337 | |a sin mediación |b n |2 rdamedio | ||
| 338 | |a volumen |b nc |2 rdasoporte | ||
| 440 | 1 | |a (Filosofía y Derecho Marcial Pons) | |
| 520 | |a Contiene: 1) Normas regulativas: principios y reglas; 2) Normas constitutivas: reglas que confieren poderes y reglas puramente constitutivas; 3) Sistema jurídico: lagunas y antinomias; 4) Hechos y acciones en el derecho; 5) Ilícito, responsabilidad y sanción; 6) El sujeto de derecho y la relación jurídica de las modalidades deónticas a las posiciones jurídicas de Hohfeld; 7) Fuentes del derecho; 8) Validez y nulidad; 9) Interpretación y aplicación del derecho; 10) Razonamiento jurídico. | ||
| 521 | |a 2014 BO Maestría en Derecho Constitucional y Argumentación Jurídica | ||
| 649 | |a XX | ||
| 650 | |a Derecho - |x Filosofía | ||
| 650 | |a Derecho - |x Teoría - |x Tema Principal | ||
| 910 | |a Fondo General | ||
| 920 | |a Impresos - Libros | ||
| 930 | |a Colección General | ||
| 905 | |a 101 | ||
| 901 | |a 0500259157 |b IT1 |c ACC |i C149712 |u 20250521 | ||
| 901 | |a 0500259154 |b IT1 |c ACC |i C149715 |u 20250521 | ||
| 901 | |a 0500259163 |b IT1 |c ACC |i C149713 |u 20250521 | ||
| 901 | |a 0500259169 |b IT1 |c ACC |i C149714 |u 20250521 | ||
| 902 | |a https://opac.biblio.iteso.mx/vufind/Record/000365379 | ||